000 00267nam a2200109Ia 4500
008 190216s9999||||xx |||||||||||||| ||und||
100 _aBatli Boi
245 0 _aTest Problems In Cost Accounting And Factory Organisation
260 _bNull
300 _a400p
942 _cBK
999 _c4450
_d4450